| 000 | 00358nam a22001337a 4500 | ||
|---|---|---|---|
| 003 | DO-SdBNP | ||
| 005 | 20171201111356.0 | ||
| 008 | 171201b rd||||| |||| 00| 0 spa d | ||
| 040 |
_aBPMSU _bspa _cBPMSU |
||
| 245 | 1 | 0 |
_aDe padre a Padre : _bte toca a ti detener las drogas |
| 300 |
_a14 p. _c22 cm |
||
| 942 |
_2ddc _cBK |
||
| 945 | _ainventariado dominicano / DG | ||
| 999 |
_c13234 _d13234 |
||